Nueve ensayos epistemológicos /
Spremljeno u:
| Glavni autor: | |
|---|---|
| Format: | Nepoznato |
| Jezik: | Spanish |
| Izdano: |
San José, Costa Rica :
Editorial Costa Rica,
1982.
|
| Teme: | |
| Oznake: |
Dodaj oznaku
Bez oznaka, Budi prvi tko označuje ovaj zapis!
|
MARC
| LEADER | 000000000a22000000004500 | ||
|---|---|---|---|
| 001 | 002184 | ||
| 041 | 0 | |a spa | |
| 082 | 0 | 4 | |a 121 |b G984n |
| 100 | 1 | |a Gutiérrez, Claudio | |
| 245 | 1 | 0 | |a Nueve ensayos epistemológicos / |c Claudio Gutiérrez. |
| 260 | 1 | |a San José, Costa Rica : |b Editorial Costa Rica, |c 1982. | |
| 300 | |a 207 páginas | ||
| 500 | |a La Biblioteca contiene ejemplares, con número de inscripción 1375, 14008 | ||
| 650 | 4 | |a EPISTEMOLOGIA | |
| 650 | 4 | |a TEORIA DEL CONOCIMIENTO | |
| 999 | |c 8765 |d 8765 | ||
| 942 | |c BK |h 121 G984n |2 z | ||
